000 00607nam a2200193Ia 4500
003 GCL
008 140319s9999 xx 000 0 ara d
040 _aGCL /
_cGCL
082 0 4 _a811.5
_bج ا
100 1 _aجورج عبده معتوق
245 1 0 _aالمتنبى شاعر الشخصية القوية /
_cجورج عبده معتوق
260 _a[S.N] :
_bدار الكتاب اللبنانى ،
_c1981
300 _a224 ص
490 _a
650 0 4 _aالشعر العربى
650 0 4 _aدواوين وقصائد
650 0 4 _aالدولة العباسية الثانية
942 _2ddc
_cBK
999 _c54269
_d54269